| 000 | 00632nam a22001697a 4500 | ||
|---|---|---|---|
| 003 | OSt | ||
| 005 | 20231204103352.0 | ||
| 008 | 231204b |||||||| |||| 00| 0 eng d | ||
| 040 |
_aMMSU _cULS |
||
| 100 | _aDy, Jerome Benedict R. | ||
| 245 |
_aGrowth performance of Japanese quails (Coturnix coturnix japonica) as supplemented with malunggay (Moringa oleifere) leaf extract as water supplement / _cJerome Benedict R. Dy |
||
| 260 |
_aCity of Batac: _bMMSU, _c2022. |
||
| 300 |
_ax, 54 leaves : _c28 cm. |
||
| 500 | _aUThesis (BS in Agriculture major in Animal Science) | ||
| 504 | _aBibliography: leaves 40-43 | ||
| 942 |
_2lcc _cTHEDIS |
||
| 999 |
_c20738 _d20738 |
||